| 000 | 00591nam a2200217Ia 4500 | ||
|---|---|---|---|
| 003 | OSt | ||
| 005 | 20220928143345.0 | ||
| 006 | a|||||r|||| 00| 0 | ||
| 007 | ta | ||
| 008 | 220927b |||||||| |||| 00| 0 eng d | ||
| 024 | _a21706 | ||
| 037 | _cTextual | ||
| 040 |
_aSDCL _cSDCL _beng |
||
| 041 |
_2eng _aeng |
||
| 082 | _aW691y7M18:g(R), N6 | ||
| 100 |
_aD.white James _9505114 |
||
| 245 | 0 | _aKarl Marx and the intellectual origins of dialectical materialism | |
| 260 | _c1966 | ||
| 942 |
_hW691y7M18:g(R), N6 _cTEXL _2CC |
||
| 999 |
_c823735 _d823735 |
||